000 00206 a2200097 4500
020 _a9789707310940
041 _aspa
100 _aGomez Bolanos, Roberto
245 _ael diario del chavo del ocho
942 _cBK
999 _c7922
_d7922